26 lombrices /

Guardado en:
Otros Autores: Murari, Eva, coord., Richmond, Iris, coord., Herrero, Juan Carlos, coord., Estebanez, Mirta, coord.
Formato: Libro
Publicado: Bahía Blanca : Ediuns, 2014
Series:Estudios Sociales y Humanidades. Serie Docencia
Materias:
Etiquetas: Agregar Etiqueta
Sin Etiquetas, Sea el primero en etiquetar este registro!
LEADER 02574nam a22002895a 4500
001 CEM.cems018421
005 20150506101632.0
008 130507s2014##################000#0#####d
003 CEMS
082 0 4 |a A868.4 
245 0 0 |a 26 lombrices /  |c Coordinador Por Eva Murari, Iris Richmond, Juan Carlos Herrero y Mirta Estebanez 
260 |a Bahía Blanca :  |b Ediuns,  |c 2014 
300 |a 71 p. 
490 0 |a Estudios Sociales y Humanidades. Serie Docencia 
500 |a La utilización responsable de residuos orgánicos es hoy una prioridad en el mundo. Estos 26 relatos surgen del aprendizaje que han realizado los alumnos de 1ro. 1era. de la Escuela de Agricultura y Ganadería de la Universidad Nacional del Sur. 
505 0 |a La leyenda de la lombriz / Quimey Aguilar -- Ayebriz / Bianca Antonelli Isa -- La leyenda de la lombriz californiana / Matías Aparicio -- Leyenda de la lombriz californiana / Violeta Baqué del Valle -- Leyenda de la lombriz roja californiana / Ana Berterrex Skou -- La historia de Bry la lombriz / Taciana Brunello -- Una lombriz de origen distinto / Iván Corte García -- La leyenda de la lombriz / Juan Pablo Crespo -- Lombriz californiana / Sol Ehijos -- La creación de la lombriz californiana / Matías Elía -- La lombriz californiana / Sheila Fernández -- El origen la la lombriz californiana / Sofía Gatti -- La lombriz californiana / Gianlucas Gómez -- La lombriz californiana Kevin Haag -- Transformación roja / Camila Herrera -- La transformación de Eisencia / Julieta Iglesias -- La lombriz roja californiana / Nicolás Martínez -- La leyenda de la lombriz / Santíno Mollo -- La lombriz roja californiana / Kevin Monge Ithurriague -- Leyenda de la lombriz / Florencia Orazi -- La lombriz roja californiana / Juan Ignacio Pardou -- Leyenda de la lombriz roja californiana / Federico Paternostro -- La lombriz de fuego / Martina Roppel -- La leyenda de la lombriz californiana / Joaquín Sica -- De lombriz a princesa / Agustina Sisti -- La lombriz californiana / Selena Stangen -- Ficha técnica de la lombriz californiana -- Pasos del lombricompuesto 
653 |a Literatura 
653 |a Relatos 
653 |a Relatos-1ro 1ra escuela agricultura y ganadería (2014) 
653 |a Narrativa bahiense 
653 |a Narrativa 
700 1 |a Murari, Eva, coord. 
700 1 |a Richmond, Iris, coord. 
700 1 |a Herrero, Juan Carlos, coord. 
700 1 |a Estebanez, Mirta, coord. 
859 |a CEMS  |b BIB. CEMS - Agricultura  |h A868.4  |i V565  |p A2225.15  |t Ej.1 
859 |a CEMS  |b BIB. CEMS - 11 de abril  |h A863.4  |i M931  |p 27096.14  |t Ej.1